Liquid fuels / (Record no. 132401)

MARC details
000 -LEADER
fixed length control field 00676nam a22002417a 4500
005 - DATE AND TIME OF LATEST TRANSACTION
control field 20170124110154.0
010 ## - LIBRARY OF CONGRESS CONTROL NUMBER
LC control number 271484
020 ## - INTERNATIONAL STANDARD BOOK NUMBER
Terms of availability 00.00
035 ## - SYSTEM CONTROL NUMBER
System control number 271484
037 ## - SOURCE OF ACQUISITION
Source of stock number/acquisition Cen Lib/Ret
040 ## - CATALOGING SOURCE
Original cataloging agency DPL
Language of cataloging EN
082 ## - DEWEY DECIMAL CLASSIFICATION NUMBER
Classification number 662.6
Item number WIL
100 ## - MAIN ENTRY--PERSONAL NAME
Personal name Williams, D. A
9 (RLIN) 34598
245 ## - TITLE STATEMENT
Title Liquid fuels /
Statement of responsibility, etc by D. A. Williams [and] G.Jones
260 ## - PUBLICATION, DISTRIBUTION, ETC. (IMPRINT)
Place of publication, distribution, etc Oxford
Name of publisher, distributor, etc Pergamon Press
Date of publication, distribution, etc 1963
270 ## - ADDRESS
Address Headington Hill Hall
City Oxford
300 ## - PHYSICAL DESCRIPTION
Extent viii,178p. :
Dimensions 18cm(Hb)
Other physical details ill.
500 ## - GENERAL NOTE
General note Includes index
650 ## - SUBJECT ADDED ENTRY--TOPICAL TERM
Topical term or geographic name as entry element Liquid fuels
9 (RLIN) 34599
650 ## - SUBJECT ADDED ENTRY--TOPICAL TERM
Topical term or geographic name as entry element Liquid fuels--Analysis
9 (RLIN) 34600
700 ## - ADDED ENTRY--PERSONAL NAME
Personal name Jones, G
9 (RLIN) 34601
942 ## - ADDED ENTRY ELEMENTS (KOHA)
Source of classification or shelving scheme Dewey Decimal Classification
Koha item type English Books
Classification part 662.6
Call number suffix WIL
Holdings
Withdrawn status Lost status Damaged status Not for loan Home library Current library Date acquired Source of acquisition Cost, normal purchase price Total Checkouts Full call number Barcode Date last seen Copy number Cost, replacement price Price effective from Koha item type Public note
Written off       Central Library Central Library 22/07/2015 Cen Lib/Ret 0.00   662.6 WIL 271484 22/07/2015 1 0.00 22/07/2015 English Books Written off on approval by DLB (By Circulation); dtd 15-06-2023

© Delhi Public Library
Hit Counter
free hit counter